| 000 | 00924nam a2200241 i 4500 | ||
|---|---|---|---|
| 001 | 182663 | ||
| 003 | ES-MaACL | ||
| 005 | 20250902225549.0 | ||
| 008 | 131009s2009 sp | |||||||| | spa d | ||
| 020 | _a978-84-92705-00-9 | ||
| 080 | _a821.134.2(82)-14"19" | ||
| 100 | 0 |
_aGiannuzzi, Joaquín O. _956619 |
|
| 245 | 1 | 0 |
_aPoesía completa / _cJoaquín O. Giannuzzi ; edición y prólogo de Jorge Fondebrider. |
| 260 |
_aSevilla : _bSibilina : _bFundación BBVA, _c[2009] |
||
| 300 |
_a641 p. ; _c21 cm. |
||
| 490 | 1 | _aBiblioteca Sibila-Fundación BBVA de poesía en español. Completas | |
| 700 | 0 |
_aFondebrider, Jorge. _951494 |
|
| 830 | 0 |
_aBiblioteca Sibila-Fundación BBVA de poesía en español. Completas _9191811 |
|
| 852 |
_aES-MaACL _jA-12816 _9189580 _bR.149030 _cDEPO1 _dOlim: N-5816 _xDonación: Fundación BBVA |
||
| 914 |
_aFundación BBVA _ednr _94230 |
||
| 942 |
_2udc _cMONOGRAFIA |
||
| 999 |
_c182663 _d182663 |
||